| 000 | 00679nam a2200217 4500 | ||
|---|---|---|---|
| 001 | 127110 | ||
| 003 | ES-MaACL | ||
| 005 | 20230906192939.0 | ||
| 007 | t| | ||
| 008 | 070214s1970 mx r ||||1| spa d | ||
| 100 | 1 |
_aReyes, Alfonso, _d1889-1959 _996554 |
|
| 245 | 1 | 0 |
_aVida y ficción / _cAlfonso Reyes ; edición y prólogo de Ernesto Mejía Sánchez. |
| 250 | _a1ª. ed. | ||
| 260 |
_aMéxico : _bFondo de Cultura Económica, _c1970. |
||
| 300 |
_a169 p. ; _c17 cm. |
||
| 490 | 1 |
_aLetras mexicanas ; _v100 |
|
| 700 | 1 |
_aMejía Sánchez, Ernesto. _979867 |
|
| 830 | 0 |
_aLetras mexicanas ; _v100 _9180343 |
|
| 852 |
_aES-MaACL _jL-8292 _bR.108774 |
||
| 999 |
_c127110 _d127110 |
||